৩৬৫ গল্প ও দোয়া / (Record no. 12986)
[ view plain ]
| 000 -LEADER | |
|---|---|
| fixed length control field | 01027nam a2200253 a 4500 |
| 001 - CONTROL NUMBER | |
| JCCL Control Number | 12986 |
| 003 - CONTROL NUMBER IDENTIFIER | |
| JCCL marc code | BD-JhCC |
| 005 - DATE AND TIME OF LATEST TRANSACTION | |
| control field | 20230610200829.0 |
| 008 - FIXED-LENGTH DATA ELEMENTS--GENERAL INFORMATION | |
| fixed length control field | 230610s2020 bg ||||| |||| 000 0 ben d |
| 035 ## - SYSTEM CONTROL NUMBER | |
| system control number | (BD-JhCC)12986 |
| 040 ## - CATALOGING SOURCE | |
| Original cataloging agency | BD-JhCC |
| Modifying agency | BD-JhCC |
| 041 ## - LANGUAGE CODE | |
| Language code of Book | ben |
| 082 ## - DEWEY DECIMAL CLASSIFICATION NUMBER | |
| Classification number | 297 |
| Author mark and Year | KAR 2020 |
| 100 ## - MAIN ENTRY--PERSONAL NAME | |
| Personal name | কারাসাম, আলী |
| 245 ## - TITLE STATEMENT | |
| Title | ৩৬৫ গল্প ও দোয়া / |
| Statement of responsibility, etc | আলী কারাসাম ও হাসিবি সাহিন এবং ড. ইকবাল কবীর মোহন, আলী আহমাদ মাবরুর (অনু.) |
| 260 ## - PUBLICATION, DISTRIBUTION, ETC. (IMPRINT) | |
| Place of publication, distribution, etc | ঢাকা : |
| Name of publisher, distributor, etc | শিশু কানন, |
| Date of publication, distribution, etc | ২০২০ |
| 300 ## - PHYSICAL DESCRIPTION | |
| Pagination | ২৫৪ পৃ. : |
| Other physical details | চিত্রবলী সংবলীত; |
| Dimensions | ২৩ সেমি. |
| 650 ## - SUBJECT ADDED ENTRY--TOPICAL TERM | |
| Topical term or geographic name as entry element | Juvenile literature |
| 650 ## - SUBJECT ADDED ENTRY--TOPICAL TERM | |
| Topical term or geographic name as entry element | Islam |
| 700 ## - ADDED ENTRY--PERSONAL NAME | |
| Personal name | সাহিন,হাসিবি |
| 700 ## - ADDED ENTRY--PERSONAL NAME | |
| Personal name | মোহন, ড. ইকবাল কবীর |
| 700 ## - ADDED ENTRY--PERSONAL NAME | |
| Personal name | মাবরুর, আলী আহমাদ |
| 942 ## - ADDED ENTRY ELEMENTS (KOHA) | |
| Source of classification or shelving scheme | Dewey Decimal Classification |
| Koha item type | Books |
| Source of classification or shelving scheme | Damaged status | Not for loan | Home library | Current library | Shelving location | Date of accession | Source of acquisition | Cost, normal purchase price | Total Checkouts | Full call number | Barcode | Date last seen | Date checked out | Copy number | Method of acquisition | Koha item type | Currency |
|---|---|---|---|---|---|---|---|---|---|---|---|---|---|---|---|---|---|
| Dewey Decimal Classification | JCC Rouf Library | JCC Rouf Library | General Stacks | 06/10/2023 | Juvenile literature | 375.00 | 3 | 297 KAR 2020 | 18040 | 05/17/2025 | 08/08/2024 | C-1 | Purchase | Books | BDT |